<?xml version="1.0" encoding="UTF-8"?>
<record
    xmlns:xsi="http://www.w3.org/2001/XMLSchema-instance"
    xsi:schemaLocation="http://www.loc.gov/MARC21/slim http://www.loc.gov/standards/marcxml/schema/MARC21slim.xsd"
    xmlns="http://www.loc.gov/MARC21/slim">

  <leader>01329nam a2200217 a 4500</leader>
  <controlfield tag="001">17124</controlfield>
  <controlfield tag="003">CO-ViMGA</controlfield>
  <controlfield tag="008">141112s2004    ck      r     000 u spa d</controlfield>
  <datafield tag="020" ind1=" " ind2=" ">
    <subfield code="a">9586551970</subfield>
  </datafield>
  <datafield tag="040" ind1=" " ind2=" ">
    <subfield code="a">CO-ViMGA</subfield>
    <subfield code="b">spa</subfield>
    <subfield code="c">CO-ViMGA</subfield>
  </datafield>
  <datafield tag="082" ind1="0" ind2="4">
    <subfield code="a">617.7 U515c</subfield>
  </datafield>
  <datafield tag="100" ind1="1" ind2=" ">
    <subfield code="a">Uma&#xF1;a Pachon, Francisco</subfield>
    <subfield code="9">24308</subfield>
  </datafield>
  <datafield tag="245" ind1="1" ind2="0">
    <subfield code="a">Cirug&#xED;a / </subfield>
    <subfield code="c">Oftalmolog&#xED;a</subfield>
  </datafield>
  <datafield tag="260" ind1=" " ind2=" ">
    <subfield code="a">Medell&#xED;n (Antioquia), </subfield>
    <subfield code="c">Universidad de Antioquia, </subfield>
    <subfield code="c">1995</subfield>
  </datafield>
  <datafield tag="300" ind1=" " ind2=" ">
    <subfield code="a">399.p.</subfield>
  </datafield>
  <datafield tag="505" ind1=" " ind2=" ">
    <subfield code="a">Anatom&#xED;a y fisiolog&#xED;a Semiolog&#xED;a oftalmica Examen f&#xED;sico oftalmol&#xF3;gico Optica y refracci&#xF3;n Ayudas diagn&#xF3;sticas en oftalmolog&#xED;a Farmacolog&#xED;a ocular Urgencias oftalmol&#xF3;gicas Anexos oculares La c&#xF3;rnea El fondo de ojo Neurooftalmolog&#xED;a Glaucoma Glaucoma congenito primario Estrabismo Ambliopia Consejos para la toma de la agudeza visual en ni&#xF1;os o analfabetas con el sistema de loter&#xED;a o carta HNOVS Enfermedades sistemicas con manifestaci&#xF3;n ocular Manifestaciones oculares de las enfermedades sistemicas Retinopat&#xED;a dib&#xE9;tica Diagn&#xF3;stico diferencial del ojo irritado Tumores malignos Avances en cirug&#xED;a refractiva y de catarata Cirug&#xED;a pl&#xE1;stica en oftalmolog&#xED;a Oftalmolog&#xED;a ocupacional</subfield>
  </datafield>
  <datafield tag="590" ind1=" " ind2=" ">
    <subfield code="a">Forma de adquisici&#xF3;n : Premio - Mincultura - - Precio : 31.590</subfield>
  </datafield>
  <datafield tag="650" ind1="1" ind2="4">
    <subfield code="a">OFTALMOLOGIA</subfield>
    <subfield code="9">22044</subfield>
  </datafield>
  <datafield tag="650" ind1="1" ind2="4">
    <subfield code="a">OJOS - CIRUGIA</subfield>
    <subfield code="9">24309</subfield>
  </datafield>
  <datafield tag="942" ind1=" " ind2=" ">
    <subfield code="2">ddc</subfield>
    <subfield code="c">BK</subfield>
  </datafield>
  <datafield tag="999" ind1=" " ind2=" ">
    <subfield code="c">26728</subfield>
    <subfield code="d">26728</subfield>
  </datafield>
  <datafield tag="952" ind1=" " ind2=" ">
    <subfield code="0">0</subfield>
    <subfield code="1">0</subfield>
    <subfield code="2">ddc</subfield>
    <subfield code="4">0</subfield>
    <subfield code="7">0</subfield>
    <subfield code="8">002</subfield>
    <subfield code="a">MEVIECAR</subfield>
    <subfield code="b">MEVIECAR</subfield>
    <subfield code="d">2015-12-04</subfield>
    <subfield code="h">Volumen. 1 | 11/jun/2009</subfield>
    <subfield code="l">0</subfield>
    <subfield code="o">617.7 U515c </subfield>
    <subfield code="p">17124</subfield>
    <subfield code="r">2015-12-04 00:00:00</subfield>
    <subfield code="t">Ej. 1</subfield>
    <subfield code="w">2015-12-04</subfield>
    <subfield code="y">BK</subfield>
  </datafield>
</record>
